00918nam a2200253 a 450000100100000000500170001000800410002704000250006808200180009310000340011124501180014526000480026330000170031149000300032850000340035850400560039250400320044865000420048065000250052265000210054770000320056870000340060083000300063400000742720260123084624.0090908s1970 dr 000 0 spa d aDO-SdBNPbspacBNPHU a345.05bC352d1 aCastillo Morales, Luis R. del10aDerecho procesal penal /cLuis R. del Castillo Morales, Juan Ml. Pellerano Gómez, Hipólito Herrera Pellerano. aSanto Domingo :bEdiciones Capeldom,c1970. av. ;c23 cm.1 aColección Derechov8, 9 aLa biblioteca posee v.1 y v.2 aIncluye bibliografía y notas al pie de páginas. aBibliografía: p. 315-319. 4aDerecho penalzRepública Dominicana 0aProcedimiento penal  0aDerecho procesal12aPellerano Gómez, Juan Ml.12aHerrera Pellerano, Hipólito 0aColección Derechon8, 9